000 00511nam a2200193Ia 4500
001 8478
003 GE_BSU
008 181216s||||||||xx |||||||||||||| ||und||
040 _cGE_BSU
100 _aიონა ვაკელი
245 _aლექსები.
250 _aცეკავშირის სტ.
260 _aტფილისი.
260 _bფედერაცია.
260 _c1933
300 _a240 გვ; 15 სმ.
653 _aლექსები.
942 _cBK
999 _c41796
_d41796